Energy Technology Handbook / (Record no. 13287)
[ view plain ]
| 000 -LEADER | |
|---|---|
| fixed length control field | 00972cam a2200241 i 4500 |
| 001 - CONTROL NUMBER | |
| control field | 4124886 |
| 005 - DATE AND TIME OF LATEST TRANSACTION | |
| control field | 20010928111215.0 |
| 008 - FIXED-LENGTH DATA ELEMENTS--GENERAL INFORMATION | |
| fixed length control field | 760512s1977 nyua |rb 001 0 eng |
| 010 ## - LIBRARY OF CONGRESS CONTROL NUMBER | |
| LC control number | 76017653 |
| 020 ## - INTERNATIONAL STANDARD BOOK NUMBER | |
| International Standard Book Number | 0070124302 : |
| Terms of availability | $29.50 |
| 040 ## - CATALOGING SOURCE | |
| Original cataloging agency | DLC |
| Transcribing agency | DLC |
| Modifying agency | DLC |
| 050 00 - LIBRARY OF CONGRESS CALL NUMBER | |
| Classification number | TJ163.9 |
| Item number | .E54 |
| 082 00 - DEWEY DECIMAL CLASSIFICATION NUMBER | |
| Classification number | 621.042 |
| Edition number | 22 |
| Item number | ENE |
| 245 00 - TITLE STATEMENT | |
| Title | Energy Technology Handbook / |
| Statement of responsibility, etc | prepared by 142 specialists ; Douglas M. Considine, editor-in-chief. |
| 260 ## - PUBLICATION, DISTRIBUTION, ETC. (IMPRINT) | |
| Place of publication, distribution, etc | New York : |
| Name of publisher, distributor, etc | McGraw-Hill, 1977 |
| Date of publication, distribution, etc | c1977. |
| 300 ## - PHYSICAL DESCRIPTION | |
| Extent | 1v.( in various pagings) : |
| Other physical details | ill. ; |
| Dimensions | 24 cm. |
| 504 ## - BIBLIOGRAPHY, ETC. NOTE | |
| Bibliography, etc | Includes bibliographical references and index. |
| 650 #0 - SUBJECT ADDED ENTRY--TOPICAL TERM | |
| Topical term or geographic name as entry element | Power (Mechanics) |
| General subdivision | Handbooks, manuals, etc. |
| 9 (RLIN) | 10988 |
| 650 #0 - SUBJECT ADDED ENTRY--TOPICAL TERM | |
| Topical term or geographic name as entry element | Power resources |
| General subdivision | Handbooks, manuals, etc. |
| 9 (RLIN) | 10989 |
| 700 1# - ADDED ENTRY--PERSONAL NAME | |
| Personal name | Considine, Douglas M. |
| 9 (RLIN) | 10990 |
| 942 ## - ADDED ENTRY ELEMENTS (KOHA) | |
| Source of classification or shelving scheme | Dewey Decimal Classification |
| Item type | Book - Borrowing |
| Withdrawn status | Item status | Source of classification or shelving scheme | Damaged status | Not for loan | Vendor | Home library | Current library | Shelving location | Date acquired | Source of acquisition | Total Checkouts | Full call number | Barcode | Date last seen | Koha item type |
|---|---|---|---|---|---|---|---|---|---|---|---|---|---|---|---|
| Dewey Decimal Classification | Central Library | Central Library | First floor | 04/02/2010 | Donation | 621.042 ENE | 000019677 | 15/07/2025 | NB - Book (Non borrowing) |